<?xml version="1.0" encoding="UTF-8"?>
<record
    xmlns:xsi="http://www.w3.org/2001/XMLSchema-instance"
    xsi:schemaLocation="http://www.loc.gov/MARC21/slim http://www.loc.gov/standards/marcxml/schema/MARC21slim.xsd"
    xmlns="http://www.loc.gov/MARC21/slim">

  <leader>01182nam a22002537a 4500</leader>
  <controlfield tag="005">20170124103018.0</controlfield>
  <datafield tag="010" ind1=" " ind2=" ">
    <subfield code="a">A-615117</subfield>
  </datafield>
  <datafield tag="020" ind1=" " ind2=" ">
    <subfield code="c">200.00</subfield>
  </datafield>
  <datafield tag="035" ind1=" " ind2=" ">
    <subfield code="a">A-615117</subfield>
  </datafield>
  <datafield tag="037" ind1=" " ind2=" ">
    <subfield code="b">Cen Lib/Ret</subfield>
  </datafield>
  <datafield tag="040" ind1=" " ind2=" ">
    <subfield code="a">DPL</subfield>
    <subfield code="b">HN</subfield>
  </datafield>
  <datafield tag="082" ind1=" " ind2=" ">
    <subfield code="a">821.09</subfield>
    <subfield code="b">&#x926;&#x940;&#x915;&#x94D;&#x937;&#x93F;&#x924; </subfield>
  </datafield>
  <datafield tag="100" ind1=" " ind2=" ">
    <subfield code="a">&#x926;&#x940;&#x915;&#x94D;&#x937;&#x93F;&#x924;,&#x938;&#x941;&#x930;&#x94D;&#x92F;&#x92A;&#x94D;&#x930;&#x938;&#x93E;&#x926; </subfield>
    <subfield code="9">42819</subfield>
  </datafield>
  <datafield tag="245" ind1=" " ind2=" ">
    <subfield code="a">&#x91B;&#x93E;&#x92F;&#x93E;&#x935;&#x93E;&#x926;&#x940; &#x915;&#x93E;&#x935;&#x94D;&#x92F; &#x915;&#x93E; &#x935;&#x94D;&#x92F;&#x93E;&#x935;&#x939;&#x93E;&#x930;&#x93F;&#x915; &#x938;&#x94B;&#x902;&#x926;&#x930;&#x94D;&#x92F;&#x936;&#x93E;&#x936;&#x94D;&#x924;&#x94D;&#x930;  /</subfield>
    <subfield code="c">&#x938;&#x942;&#x930;&#x94D;&#x92F; &#x92A;&#x94D;&#x930;&#x938;&#x93E;&#x926; &#x926;&#x940;&#x915;&#x94D;&#x937;&#x93F;&#x924; </subfield>
  </datafield>
  <datafield tag="246" ind1=" " ind2=" ">
    <subfield code="a">Chhayavadi kavya ka vyavharik sondryashashtr </subfield>
    <subfield code="b">by Suryaprasad Dikshit </subfield>
  </datafield>
  <datafield tag="260" ind1=" " ind2=" ">
    <subfield code="a">&#x907;&#x932;&#x93E;&#x939;&#x93E;&#x92C;&#x93E;&#x926;</subfield>
    <subfield code="b">&#x932;&#x94B;&#x915; &#x92D;&#x93E;&#x930;&#x924;&#x940; &#x92A;&#x94D;&#x930;&#x915;&#x936;&#x928; </subfield>
    <subfield code="c">1993</subfield>
  </datafield>
  <datafield tag="270" ind1=" " ind2=" ">
    <subfield code="a">15-&#x90F; , &#x92E;&#x939;&#x93E;&#x924;&#x94D;&#x92E;&#x93E; &#x917;&#x93E;&#x901;&#x927;&#x940; &#x92E;&#x93E;&#x930;&#x94D;&#x917; </subfield>
    <subfield code="b">&#x907;&#x932;&#x93E;&#x939;&#x93E;&#x92C;&#x93E;&#x926;</subfield>
  </datafield>
  <datafield tag="300" ind1=" " ind2=" ">
    <subfield code="a">340&#x92A;&#x943;&#x937;&#x94D;&#x920;. </subfield>
    <subfield code="c">20&#x938;&#x947;&#x92E;&#x940;(&#x938;&#x91C;&#x93F;&#x932;&#x94D;&#x926;)</subfield>
  </datafield>
  <datafield tag="650" ind1=" " ind2=" ">
    <subfield code="a">&#x939;&#x93F;&#x902;&#x926;&#x940; &#x938;&#x93E;&#x939;&#x93F;&#x924;&#x94D;&#x92F; </subfield>
    <subfield code="9">59644</subfield>
  </datafield>
  <datafield tag="650" ind1=" " ind2=" ">
    <subfield code="a">&#x91B;&#x93E;&#x92F;&#x93E;&#x935;&#x93E;&#x926;&#x940; &#x915;&#x93E;&#x935;&#x94D;&#x92F; </subfield>
    <subfield code="9">1291</subfield>
  </datafield>
  <datafield tag="650" ind1=" " ind2=" ">
    <subfield code="a">hindi literature</subfield>
    <subfield code="9">59645</subfield>
  </datafield>
  <datafield tag="650" ind1=" " ind2=" ">
    <subfield code="a">Chhayawadi Poetry</subfield>
    <subfield code="9">45260</subfield>
  </datafield>
  <datafield tag="942" ind1=" " ind2=" ">
    <subfield code="2">ddc</subfield>
    <subfield code="c">HN</subfield>
    <subfield code="h">821.09</subfield>
    <subfield code="m">&#x926;&#x940;&#x915;&#x94D;&#x937;&#x93F;&#x924; </subfield>
  </datafield>
  <datafield tag="999" ind1=" " ind2=" ">
    <subfield code="c">115049</subfield>
    <subfield code="d">115049</subfield>
  </datafield>
  <datafield tag="952" ind1=" " ind2=" ">
    <subfield code="0">0</subfield>
    <subfield code="1">0</subfield>
    <subfield code="4">0</subfield>
    <subfield code="7">0</subfield>
    <subfield code="a">L</subfield>
    <subfield code="b">L</subfield>
    <subfield code="d">2015-08-19</subfield>
    <subfield code="e">Cen Lib/Ret</subfield>
    <subfield code="g">200.00</subfield>
    <subfield code="l">1</subfield>
    <subfield code="o">821.09 &#x926;&#x940;&#x915;&#x94D;&#x937;&#x93F;&#x924;</subfield>
    <subfield code="p">A-615117</subfield>
    <subfield code="r">2017-11-22 00:00:00</subfield>
    <subfield code="s">2017-11-07</subfield>
    <subfield code="t">1</subfield>
    <subfield code="v">200.00</subfield>
    <subfield code="w">2015-08-19</subfield>
    <subfield code="y">HN</subfield>
  </datafield>
</record>
